Cartoons by German Names - Statistics

General Stats
  • This quiz has been taken 30 times
  • The average score is 9 of 20
Answer Stats
German Name Answer % Correct
Ben Zehn Ben 10
89%
Avatar: der Zuletzter Luftbieger Avatar: The Last Airbender
85%
Teenager Mutanten Ninja Schildkröten Teenage Mutant Ninja Turtles
85%
Teenager Titanen (Geh!) Teen Titans (Go!)
81%
der Spektakulär Spinne-Mann the Spectacular Spider-Man
81%
Inspektor Gerät Inspector Gadget
78%
die Pinguine von Madagaskar The Penguins of Madagascar
63%
X-Männer: die Zeichentrickserie X-Men: the Animated Series
63%
der Magischer Schulbus The Magic School Bus
59%
Code Name: Kinder Nebenan Codename: Kids Next Door
48%
Abenteurerszeit Adventure Time
44%
Amphibie Amphibia
37%
Milo Murphys Gesetz Milo Murphy's Law
33%
Pfote Patrouille Paw Patrol
30%
die Rächer: Machtigsten Helden der Welt Avengers: Earth's Mightiest Heroes
11%
Ente Erzählungen Duck Tales
11%
Schwerkraftfällen Gravity Falls
11%
Wundermarienkäferin Miraculous Ladybug
11%
Eulenhaus Owl House
11%
Wunder Haustier Wonder Pets
11%
No matching quizzes found
Score Distribution
Percent of People with Each Score
Percentile by Number Answered
Your Score History
You have not taken this quiz